000 01000cab a2200181 4500
001 L130839
008 050905n2005 000 0 eng u
035 _a(Sirsi) u130839
041 0 _aeng
100 1 _aLane, Thomas
245 0 0 _aDriving us crazy
260 _c2005
490 0 _aBuilding
_v270(8396) 2 September 2005, 48-50(3)
520 _aDiscusses the report, "Improving construction logistics", published by the Construction Project Association. The report claims that site workers waste 10% of their time waiting for or collecting materials with the construction industry losing up to £3bn a year because of poor logistical planning. The report also claims that poor logistical planning is a cause of low-quality buildings, health and safety lapses and the industry's negative public image. Includes case studies looking at ways the industry can improve logistics, its public image and environmental impact.
590 _aIKA130905
690 _aProject management
_96261
942 _n0
999 _c75823
_d75823